00940nam a2200205 a 450000100100000000500170001000800410002702000150006804000250008308200150010810000330012324501350015626001570029130000300044850000740047850400310055250500210058395201130060499900170071700004168920201002035713.0131015s2004 sp ab 000 0 spa d a8400082508 aDO-SdBNPbspacBNPHU axxxbG216e1 aGarcía Tato, Isidro96850014aLas encomiendas gallegas de la orden militar de San Juan de Jerusalén :bestudio y edición documental /cIsidro García Tato. aSantiago de Compostela :bConsejo Superior de Investigaciones Científicas, Instituto de Estudios Gallegos "Padre Sarmiento" : Xunta de Galicia,c2004. av. :bil., maps ;c25 cm. aIncluye referencias bibliográficas y notas al pie de las páginas. aBibliografía: p. 693-6972 tÉpoca medieval 001050718MOaGRbGRcCTd2013-10-15iLF1l0oxxx G216ep41689-10r2020-06-25w2020-06-25y1ZNo se presta c41179d41179